000 00769nam a2200253Ia 4500
003 OSt
005 20220918212133.0
006 a|||||r|||| 00| 0
007 ta
008 220917b |||||||| |||| 00| 0 eng d
024 _a127,387
037 _cTextual
040 _aARTS
_cARTS
_beng
041 _2eng
_aeng
082 _aX0Y1, J7 (906)
100 _aParsons Talcott
_913768
245 0 _aEconomy and society
_b a study in the integration of economic and social theory
260 _c1957
490 _aInternational library of sociology and social reconstruction, ed by W J H Sprott
650 _aECONOMICS
700 _a Smelser Neil J
942 _hX0Y1, J7 (906)
_cTEXL
_2CC
999 _c250529
_d250529